La parte migliore degli uomini : [romanzo] /

সংরক্ষণ করুন:
গ্রন্থ-পঞ্জীর বিবরন
প্রধান লেখক: Garcia, Tristan
অন্যান্য লেখক: Uberti-Bona, Marcella
বিন্যাস: গ্রন্থ
ভাষা:ইতালিয়
প্রকাশিত: Parma : Guanda, 2011
মালা:Narratori della fenice
ট্যাগগুলো: ট্যাগ যুক্ত করুন
কোনো ট্যাগ নেই, প্রথমজন হিসাবে ট্যাগ করুন!

MARC

LEADER 00000nam a2200000 i 4500
001 IT\ICCU\LIA\0954926
003 ItRI
005 20260115232122.0
008 110713s2011 it |||||| ||||| |||||c
015 |2 IT  |a 2011-9244 
020 |a 9788860885494 
040 |b ita  |c importazione bologna sebina 
041 7 |a ita  |2 ISO-639-2 
082 |a 843.914  |9 Narrativa francese. 1945-  |2 20 
100 1 |a Garcia, Tristan  |0 IT\ICCU\LO1V\349286 
240 1 3 |a La meilleure part des hommes  |3 IT\ICCU\LIA\0954927  |9 Garcia, Tristan 
245 1 3 |a La parte migliore degli uomini :  |b [romanzo] /  |c Tristan Garcia ; traduzione di Marcella Uberti-Bona. 
260 |a Parma :  |b Guanda,  |c 2011 
300 |a 297 p. ;  |c 22 cm. 
700 1 |a Uberti-Bona, Marcella  |0 IT\ICCU\LO1V\193293 
830 0 |a Narratori della fenice  |0 IT\ICCU\ANA\0226784 
942 |2 ddc  |c BK  |n 0 
952 |0 0  |1 0  |4 0  |6 DOC_863_700000000000000_GAR  |7 0  |9 20351  |a BO  |b BO  |d 2026-01-15  |i 15640  |l 0  |o DOC 863.7 GAR  |p BO15640  |r 2026-01-15 23:21:22  |w 2026-01-15  |x [Sebina 5] [1 v.]  |y BK  |z 1 v. 
999 |c 17363  |d 17363